000 00680cam a22001934a 4500
020 _a0849309735 (alk. paper)
082 0 0 _a621.38411
245 0 4 _aThe RF transmission systems handbook
_cedited by Jerry C. Whitaker.
260 _aBoca Raton, Fla. :
_bCRC Press,
_cc2002.
300 _a1 v. (various pagings) :
_bill. ;
_c26 cm.
440 0 _989636
504 _aIncludes bibliographical references and index.
650 0 _aRadio
_989637
700 1 _aWhitaker, Jerry C.
_989638
942 _2ddc
_cBK
999 _c588272
_d588272